000 02231nam1a2200373 i 4500
001 RU\NLR\bibl\1914099
005 20260607045342.0
035 _a(NLR Aleph) 001903617
090 _a3081088
_c3081088
100 _a20120613g20119999k y0rusy50 ca
101 0 _arus
102 _aRU
105 _a||||z |||||
200 1 _aНефть и газ Западной Сибири
_eматериалы Международной научно-технической конференции, посвященной 55-летию Тюменского государственного нефтегазового университета
_f[отв. ред.: д.т.н., проф. О.Ф. Данилов]
210 _aТюмень
_cТюмГНГУ
_d2011
215 _d21
300 _aВ надзаг.: Правительство Тюмен. обл., Федер. гос. бюджет. образоват. учреждение высш. проф. образования "Тюмен. гос. нефтегаз. ун-т", Ассоц. выпускников ТИИ-ТюмГНГУ
463 0 _10011885807
463 0 _10011888272
463 0 _10011888271
463 0 _10011888632
606 1 _aНефтяная промышленность
_jСъезды, совещания и т.п.
_yСибирь Западная
_92182114
_3RU\NLR\auth\661312149
606 _aГазовая промышленность
_jСъезды, совещания и т.п.
_yСибирь Западная
_91374969
_3RU\NLR\auth\66262717
686 _aУ30(2)565.2(2Р53)я431
686 _aУ30(2)565.3(2Р53)я431
702 1 _4340
_7ca
_8rus
_aДанилов
_bО. Ф.
_cд-р техн. наук
_f1951-
_gОлег Федорович
_98034
_3RU\NLR\auth\7724985
711 1 2 _a"Нефть и газ Западной Сибири", международная научно-техническая конференция
_eТюмень
_f2011
_9307723
_3RU\NLR\AUTH\8810210253
801 0 _aRU
_bNLR
_c20120613
_gRCR
801 1 _aRU
_bNLR
_c20120613
852 _aNLR
_j2012-3/9940
942 _cBOOK